000 00975cab a2200241 4500
001 X3905
008 090401t1997 xxu||||| |||| 00| 0 eng d
035 _a(Sirsi) u33675
041 _aeng
245 _aTrafford MBC and Bowdon Lawn Tennis Club
260 _c1997
350 _a0
490 _aPlanning Appeal Decisions
_v[1997] 12 PAD 74-80(7)
520 _a6m high lighting columns and fittings - two appeals - in conservation area - residential area - earlier planning applications - unitary development plan - non-statutory planning guidelines - visual intrusion, noise and disturbance - effect on conservation area - light spillage - conditions would not overcome harm - membership of club.
650 _aCONSERVATION AREA
650 _aLIGHTING COLUMNS
650 _aNOISE
650 _aTRAFFORD MBC AND BOWDON LAWN TENNIS CLUB
650 _aUNITARY DEVELOPMENT PLAN
690 _aPLANNING LAW AND PRACTICE-CASE LAW
942 _n0
948 _c04/03/1997
999 _c22455
_d22455